[Event "Mumbai Mayors Cup 1st"]
[Site "Mumbai"]
[Date "2008.05.11"]
[Round "1"]
[White "Ushma, Patel"]
[Black "Swati, Ghate"]
[Result "0-1"]
[WhiteElo "1747"]
[BlackElo "2350"]
[PlyCount "50"]
[EventDate "2008.05.11"]
[EventType "swiss"]
[EventRounds "11"]
[EventCountry "IND"]
[SourceTitle "CBM 124 Extra"]
[Source "ChessBase"]
[SourceDate "2008.07.03"]
[SourceVersion "1"]
[SourceVersionDate "2008.07.03"]
[SourceQuality "1"]

1. e4 e5 2. Nf3 Nc6 3. Bc4 Nf6 4. d3 Be7 5. 0-0 0-0 6. Nc3 d6 7. Ne2 Bg4 8. Kh1 d5 9. exd5 Nxd5 10. Bxd5 Qxd5 11. Nc3 Qd7 12. h3 Bf5 13. Ne1 Rae8 14. f4 Bxh3 15. Qh5 Bg4 16. Qh2 Bb4 17. Nf3 f6 18. Ne4 Nd4 19. Nxd4 exd4 20. c3 dxc3 21. bxc3 Qxd3 22. Bb2 Rxe4 23. cxb4 Rxb4 24. Qh4 Be2 25. Rfb1 Qc2 0-1